[Event "Oberliga Ost A 2016 2017"]
[Site "Germany"]
[Date "2016.12.04"]
[Round "4.6"]
[White "Boehm, Robert"]
[Black "Wendling, Florian"]
[Result "1/2-1/2"]
[WhiteElo "2133"]
[BlackElo "1994"]
[PlyCount "60"]
[EventDate "2016.10.16"]
[EventType "team-tourn"]
[EventCountry "GER"]
[WhiteTeam "Hoyerswerda FVS ASP"]
[BlackTeam "Naumburger SV"]
[WhiteTeamCountry "GER"]
[BlackTeamCountry "GER"]

1. d4 d5 2. Nf3 Nf6 3. c4 c6 4. Nc3 Bf5 5. e3 e6 6. Nh4 Bg6 7. Nxg6 hxg6 8. Bd2
Nbd7 9. Rc1 Bd6 10. g3 O-O 11. cxd5 exd5 12. Bg2 Re8 13. O-O Nb6 14. Rc2 a5 15.
Re1 Qd7 16. Bc1 a4 17. e4 dxe4 18. Nxe4 Nxe4 19. Rxe4 Rxe4 20. Bxe4 Qe6 21. Qf3
Bf8 22. a3 Rd8 23. Be3 Qb3 24. Qe2 Be7 25. Rc3 Qe6 26. Bf3 Bf6 27. Qd1 Qa2 28.
Rc2 Qb3 29. Rd2 Qc4 30. Be2 Qd5 1/2-1/2

[Event "Oberliga Ost A 2016 2017"]
[Site "Germany"]
[Date "2016.12.04"]
[Round "4.7"]
[White "Muekke, Jens Frieder"]
[Black "Schuh, Ruediger"]
[Result "0-1"]
[WhiteElo "1969"]
[BlackElo "2026"]
[PlyCount "106"]
[EventDate "2016.10.16"]
[EventType "team-tourn"]
[EventCountry "GER"]
[WhiteTeam "Naumburger SV"]
[BlackTeam "Hoyerswerda FVS ASP"]
[WhiteTeamCountry "GER"]
[BlackTeamCountry "GER"]

1. e4 d6 2. d4 Nf6 3. Nc3 g6 4. f3 c6 5. Be3 b5 6. g4 h5 7. g5 Nfd7 8. f4 Nb6
9. Be2 d5 10. e5 Na6 11. Nxb5 cxb5 12. Bxb5+ Nd7 13. Bc6 Rb8 14. e6 fxe6 15.
Qd3 Kf7 16. Nf3 Nb4 17. Qc3 Nxc6 18. Qxc6 Rxb2 19. O-O Rb6 20. Qa4 Ba6 21. Rf2
Bg7 22. Bd2 Bb5 23. Qa3 Ra6 24. Qe3 Rf8 25. Nh4 Qe8 26. a4 Kg8 27. Re1 Bc4 28.
a5 Qf7 29. Bb4 Nb8 30. c3 Nc6 31. Qd2 Nxa5 32. Qc2 Kh7 33. f5 Qe8 34. Nxg6 exf5
35. Nxf8+ Bxf8 36. Qxf5+ Kg8 37. Bxa5 Rxa5 38. g6 Ra6 39. Rg2 Kg7 40. Qe5+ Rf6
41. h4 Qc6 42. Re3 Qd6 43. Qxd6 Rxd6 44. Re5 a5 45. Kf2 a4 46. Rxh5 Rxg6 47.
Rxg6+ Kxg6 48. Rg5+ Kf6 49. Rg8 Kf7 50. Rg1 a3 51. h5 Bh6 52. Kf3 a2 53. Kg4
Bd3 0-1

[Event "Oberliga Ost A 2016 2017"]
[Site "Germany"]
[Date "2016.12.04"]
[Round "4.8"]
[White "Heyme, Sibylle"]
[Black "Will, Matthias"]
[Result "1/2-1/2"]
[WhiteElo "2036"]
[BlackElo "2024"]
[PlyCount "42"]
[EventDate "2016.10.16"]
[EventType "team-tourn"]
[EventCountry "GER"]
[WhiteTeam "Hoyerswerda FVS ASP"]
[BlackTeam "Naumburger SV"]
[WhiteTeamCountry "GER"]
[BlackTeamCountry "GER"]

1. e4 c6 2. d4 d5 3. Nc3 g6 4. Be3 Bg7 5. Qd2 dxe4 6. Nxe4 Nf6 7. Nxf6+ Bxf6 8.
O-O-O Nd7 9. h4 Nb6 10. h5 gxh5 11. Be2 Bg4 12. f3 Bf5 13. Rxh5 Bg6 14. Rh1 Nd5
15. Bg5 Bxg5 16. Qxg5 e6 17. Qe5 Qf6 18. Qxf6 Nxf6 19. Nh3 Nd5 20. Rd2 O-O-O
21. c3 Rdg8 1/2-1/2

[Event "Oberliga Ost A 2016 2017"]
[Site "Germany"]
[Date "2016.12.04"]
[Round "4.1"]
[White "Jaeger, Dominik"]
[Black "Weitzer, Steffen"]
[Result "0-1"]
[WhiteElo "2280"]
[BlackElo "2224"]
[PlyCount "66"]
[EventDate "2016.10.16"]
[EventType "team-tourn"]
[EventCountry "GER"]
[WhiteTeam "Magdeburg SV Rochade"]
[BlackTeam "Leipzig SG II"]
[WhiteTeamCountry "GER"]
[BlackTeamCountry "GER"]

1. Nf3 d5 2. g3 c6 3. Bg2 h6 4. O-O Bf5 5. d3 e6 6. Nbd2 Nf6 7. b3 Be7 8. Bb2
O-O 9. Ne5 a5 10. c4 Qb6 11. e4 dxe4 12. Nxe4 a4 13. Qc2 Rd8 14. bxa4 Qa7 15.
Bc3 Na6 16. Rab1 Nd7 17. Nxd7 Rxd7 18. d4 c5 19. d5 Nb4 20. Qb2 exd5 21. cxd5
Bf8 22. Bxb4 cxb4 23. Qe5 Bxe4 24. Bxe4 Qxa4 25. h4 Re7 26. Qf5 g6 27. Qg4 h5
28. Qf3 b3 29. Bd3 bxa2 30. Rbd1 Bg7 31. d6 Rd7 32. Qe2 Rxd6 33. Bc2 Qd7 0-1

[Event "Oberliga Ost A 2016 2017"]
[Site "Germany"]
[Date "2016.12.04"]
[Round "4.2"]
[White "Braun, Gottfried"]
[Black "Niering, Martin"]
[Result "1-0"]
[WhiteElo "2240"]
[BlackElo "2226"]
[PlyCount "89"]
[EventDate "2016.10.16"]
[EventType "team-tourn"]
[EventCountry "GER"]
[WhiteTeam "Leipzig SG II"]
[BlackTeam "Magdeburg SV Rochade"]
[WhiteTeamCountry "GER"]
[BlackTeamCountry "GER"]

1. e4 c6 2. d4 d5 3. exd5 cxd5 4. Bf4 Nc6 5. c3 Nf6 6. Nd2 g6 7. h3 Bg7 8. Ngf3
Qb6 9. Qb3 Qxb3 10. axb3 O-O 11. b4 Bf5 12. b5 Nd8 13. Be2 Nd7 14. O-O Ne6 15.
Bh2 Bh6 16. Rfe1 Be4 17. Nxe4 dxe4 18. Ne5 Nb6 19. Bd1 f5 20. Bb3 Rf6 21. f3 e3
22. Nd3 Kf8 23. Be5 Ng5 24. Bxf6 exf6 25. f4 Ne4 26. Rxe3 g5 27. g3 gxf4 28.
gxf4 Nc8 29. Be6 Ncd6 30. Bxf5 Nd2 31. Be6 Re8 32. d5 Nxb5 33. Kf2 Re7 34. Rg1
Bg7 35. Nc5 Nd6 36. Nd7+ Ke8 37. Nxf6+ Kd8 38. Nh5 Bh6 39. Rg8+ Kc7 40. Kg2
N2c4 41. Re2 Nb6 42. Kf3 Nbc4 43. Nf6 a5 44. Ra8 Kb6 45. Ng8 1-0

[Event "Oberliga Ost A 2016 2017"]
[Site "Germany"]
[Date "2016.12.04"]
[Round "4.3"]
[White "Waechter, Nathalie"]
[Black "Schoeneberg, Manfred"]
[Result "1/2-1/2"]
[WhiteElo "1974"]
[BlackElo "2245"]
[PlyCount "49"]
[EventDate "2016.10.16"]
[EventType "team-tourn"]
[EventCountry "GER"]
[WhiteTeam "Magdeburg SV Rochade"]
[BlackTeam "Leipzig SG II"]
[WhiteTeamCountry "GER"]
[BlackTeamCountry "GER"]

1. d4 Nf6 2. c4 d6 3. Nc3 Nbd7 4. Nf3 c6 5. e4 e5 6. Be2 Be7 7. O-O O-O 8. a3
a5 9. Bg5 exd4 10. Nxd4 Nc5 11. Re1 Re8 12. Bf3 Ne6 13. Be3 Nxd4 14. Bxd4 Be6
15. Be2 Nd7 16. Qc2 Qc7 17. f4 Bf6 18. Bf2 Bxc3 19. Qxc3 f6 20. Rad1 Bf7 21.
Bg4 Rad8 22. Bh4 Qb6+ 23. Bf2 Qc7 24. Bh4 Qb6+ 25. Bf2 1/2-1/2

[Event "Oberliga Ost A 2016 2017"]
[Site "Germany"]
[Date "2016.12.04"]
[Round "4.4"]
[White "Schunk, Thomas"]
[Black "Horvath, Julia"]
[Result "1/2-1/2"]
[WhiteElo "2185"]
[BlackElo "2161"]
[PlyCount "79"]
[EventDate "2016.10.16"]
[EventType "team-tourn"]
[EventCountry "GER"]
[WhiteTeam "Leipzig SG II"]
[BlackTeam "Magdeburg SV Rochade"]
[WhiteTeamCountry "GER"]
[BlackTeamCountry "GER"]

1. c4 e5 2. Nc3 f5 3. g3 Nf6 4. Bg2 Nc6 5. a3 d6 6. b4 Be7 7. b5 Nd4 8. e3 Ne6
9. d4 O-O 10. Nge2 e4 11. Nf4 a6 12. Bb2 Nxf4 13. gxf4 Be6 14. Qe2 c6 15. O-O
Bf7 16. f3 Bh5 17. bxc6 bxc6 18. Qc2 exf3 19. Bxf3 Bxf3 20. Rxf3 Rb8 21. Rb1
Qd7 22. h3 d5 23. c5 Rb7 24. Bc1 Rfb8 25. Rxb7 Rxb7 26. Kh2 Bd8 27. Qa4 a5 28.
Rf2 Qe6 29. Rg2 g6 30. Qc2 Kf7 31. Qd3 Ne4 32. Ne2 Qc8 33. Ng1 Rb8 34. Nf3 Bf6
35. Bd2 a4 36. Bb4 Qb7 37. Ne1 Bh4 38. Nf3 Bf6 39. Ne1 Bh4 40. Nf3 1/2-1/2

[Event "Oberliga Ost A 2016 2017"]
[Site "Germany"]
[Date "2016.12.04"]
[Round "4.5"]
[White "Kahe, Ralph"]
[Black "Pietzsch, Manuel"]
[Result "1/2-1/2"]
[WhiteElo "2147"]
[BlackElo "2107"]
[PlyCount "140"]
[EventDate "2016.10.16"]
[EventType "team-tourn"]
[EventCountry "GER"]
[WhiteTeam "Magdeburg SV Rochade"]
[BlackTeam "Leipzig SG II"]
[WhiteTeamCountry "GER"]
[BlackTeamCountry "GER"]

1. d4 Nf6 2. c4 c5 3. d5 b5 4. cxb5 a6 5. bxa6 Bxa6 6. Nc3 g6 7. e4 Bxf1 8.
Kxf1 d6 9. Nge2 Bg7 10. h3 O-O 11. Kg1 Nbd7 12. Kh2 Qa5 13. Rb1 Rfb8 14. Qc2
Nb6 15. b3 Ne8 16. Rd1 Nc7 17. Bd2 Na6 18. Na4 Nb4 19. Bxb4 cxb4 20. Nd4 Nxa4
21. Nc6 Qc5 22. Qxc5 Nxc5 23. Nxb8 Rxb8 24. f3 Ra8 25. Rd2 Bc3 26. Rc2 Ra3 27.
Rd1 Na6 28. Kg3 Nc7 29. Kf2 Nb5 30. Ke3 Ra7 31. Kd3 Na3 32. Rxc3 bxc3 33. Kxc3
Kf8 34. Kb2 Ke8 35. Rd4 Kd7 36. Rb4 Kc7 37. g3 Ra5 38. h4 e6 39. dxe6 fxe6 40.
f4 h5 41. Rd4 Kc6 42. Rd1 Kc5 43. Rc1+ Kd4 44. Rd1+ Kc5 45. Rc1+ Kd4 46. Rc6 d5
47. exd5 Kxd5 48. Rc3 Nb5 49. Re3 Kc6 50. Rxe6+ Nd6 51. Rxg6 Rd5 52. a4 Kc5 53.
Ka3 Rd3 54. Rg5+ Kc6 55. Kb4 Ne4 56. Rxh5 Rxg3 57. Re5 Nd2 58. Rc5+ Kb6 59. a5+
Kb7 60. Rc3 Rg4 61. Kb5 Rxh4 62. a6+ Kb8 63. Kb6 Rh6+ 64. Rc6 Rxc6+ 65. Kxc6
Nxb3 66. Kd5 Nd2 67. f5 Nf3 68. f6 Ng5 69. Ke5 Ka7 70. Kf5 Nf7 1/2-1/2

[Event "Oberliga Ost A 2016 2017"]
[Site "Germany"]
[Date "2016.12.04"]
[Round "4.6"]
[White "Limpert, Michael"]
[Black "Pesztericz, Laszlo"]
[Result "1/2-1/2"]
[WhiteElo "2223"]
[BlackElo "2106"]
[PlyCount "33"]
[EventDate "2016.10.16"]
[EventType "team-tourn"]
[EventCountry "GER"]
[WhiteTeam "Leipzig SG II"]
[BlackTeam "Magdeburg SV Rochade"]
[WhiteTeamCountry "GER"]
[BlackTeamCountry "GER"]

1. e4 e5 2. Nf3 Nc6 3. Bc4 Bc5 4. c3 Nf6 5. d3 d6 6. b4 Bb6 7. a4 a6 8. O-O O-O
9. h3 Be6 10. Nbd2 d5 11. exd5 Bxd5 12. Qb3 Bxc4 13. Nxc4 Qxd3 14. Nfxe5 Nxe5
15. Nxe5 Qf5 16. Nc4 Ba7 17. Be3 1/2-1/2

[Event "Oberliga Ost A 2016 2017"]
[Site "Germany"]
[Date "2016.12.04"]
[Round "4.7"]
[White "Kuna, Ralf Michael"]
[Black "Greger, Ubald"]
[Result "1/2-1/2"]
[WhiteElo "2112"]
[BlackElo "2079"]
[PlyCount "102"]
[EventDate "2016.10.16"]
[EventType "team-tourn"]
[EventCountry "GER"]
[WhiteTeam "Magdeburg SV Rochade"]
[BlackTeam "Leipzig SG II"]
[WhiteTeamCountry "GER"]
[BlackTeamCountry "GER"]

1. e4 d6 2. d4 Nf6 3. f3 Nbd7 4. Be3 e5 5. Ne2 Be7 6. c4 c6 7. Nbc3 O-O 8. Qd2
d5 9. cxd5 cxd5 10. exd5 exd4 11. Bxd4 Nb6 12. Bxb6 Qxb6 13. O-O-O Bf5 14. Ng3
Bg6 15. Bd3 Rfd8 16. Bxg6 hxg6 17. Nge4 Rd7 18. Qd4 Qa5 19. Qa4 Qxa4 20. Nxf6+
Bxf6 21. Nxa4 Rad8 22. Kc2 Rxd5 23. Rxd5 Rxd5 24. Re1 Kf8 25. Re4 Bg5 26. f4
Bf6 27. Rb4 b6 28. Rc4 Ke7 29. Nc3 Rd7 30. Re4+ Kd8 31. Rc4 Bd4 32. Ne2 Be3 33.
Kb3 Rd2 34. Rc2 Rd7 35. Rc3 Bd2 36. Rc4 Be3 37. Re4 Bc5 38. Nc3 Rd2 39. Re2 Rd4
40. g3 Kd7 41. Ne4 Be7 42. Kc3 Rd1 43. Kc4 a6 44. a4 f6 45. Nc3 Rc1 46. Kd5 Bb4
47. Kc4 Bxc3 48. bxc3 Ra1 49. Kb4 Rb1+ 50. Kc4 Ra1 51. Kb3 Rb1+ 1/2-1/2

[Event "Oberliga Ost A 2016 2017"]
[Site "Germany"]
[Date "2016.12.04"]
[Round "4.8"]
[White "Beyer, Till"]
[Black "Hoffmann, Uwe"]
[Result "1-0"]
[WhiteElo "2062"]
[BlackElo "2144"]
[PlyCount "157"]
[EventDate "2016.10.16"]
[EventType "team-tourn"]
[EventCountry "GER"]
[WhiteTeam "Leipzig SG II"]
[BlackTeam "Magdeburg SV Rochade"]
[WhiteTeamCountry "GER"]
[BlackTeamCountry "GER"]

1. Nf3 d6 2. c4 e5 3. g3 Nf6 4. Bg2 Be7 5. Nc3 c6 6. O-O O-O 7. c5 e4 8. cxd6
Bxd6 9. Ng5 e3 10. dxe3 Qe7 11. Qc2 Na6 12. a3 h6 13. Nge4 Nxe4 14. Qxe4 Nc5
15. Qxe7 Bxe7 16. b4 Nb3 17. Rb1 Be6 18. e4 a5 19. Be3 axb4 20. axb4 Bxb4 21.
Nd5 cxd5 22. exd5 Nd2 23. Bxd2 Bxd2 24. dxe6 fxe6 25. Rxb7 Rab8 26. Rd7 Rbd8
27. Re7 Rde8 28. Ra7 Rf7 29. Rfa1 Bc3 30. R1a6 Bd4 31. Rxf7 Kxf7 32. e3 Bc5 33.
Bf1 Rd8 34. Rc6 Be7 35. Kg2 Rd6 36. Rc8 Rd8 37. Rc7 Kf6 38. Bc4 Rd6 39. h3 Rd2
40. Kf3 g6 41. Ke4 g5 42. Kf3 h5 43. Ke4 h4 44. gxh4 gxh4 45. Rc6 Rd6 46. Rc8
Rd8 47. Rc7 Rd2 48. f4 Rd6 49. Kf3 Bd8 50. Rh7 Kg6 51. Rb7 Rc6 52. Bd3+ Kf6 53.
Kg4 e5 54. f5 Bb6 55. Kf3 Bc7 56. Rb4 Rc3 57. Bb1 Rc1 58. Bd3 Rc3 59. Ke2 Ra3
60. Rxh4 Ra2+ 61. Kf3 Kg7 62. Rg4+ Kf8 63. Bc4 Ra1 64. f6 Ke8 65. Rg8+ Kd7 66.
f7 Bd6 67. f8=Q Bxf8 68. Rxf8 Rc1 69. Bb5+ Ke7 70. Rg8 Kf7 71. Rg2 Rh1 72. Kg4
Re1 73. Rg3 Kf6 74. h4 Rb1 75. Bd3 Rb4+ 76. Kf3 Rxh4 77. Rg6+ Kf7 78. Bf5 Rh5
79. Ke4 1-0

[Event "Oberliga Ost A 2016 2017"]
[Site "Germany"]
[Date "2017.01.15"]
[Round "5.1"]
[White "Lechtynsky, Jiri"]
[Black "Cerveny, Martin"]
[Result "1/2-1/2"]
[WhiteElo "2354"]
[BlackElo "2384"]
[PlyCount "23"]
[EventDate "2016.10.16"]
[EventType "team-tourn"]
[EventCountry "GER"]
[WhiteTeam "Hoyerswerda FVS ASP"]
[BlackTeam "Aue ESV Nickelhuette II"]
[WhiteTeamCountry "GER"]
[BlackTeamCountry "GER"]

1. Nf3 Nf6 2. b3 d6 3. d4 g6 4. Bb2 Bg7 5. g3 O-O 6. Bg2 c6 7. O-O Bg4 8. Nbd2
e5 9. dxe5 Nfd7 10. Qc1 Bxf3 11. Nxf3 Nxe5 12. Rd1 1/2-1/2

[Event "Oberliga Ost A 2016 2017"]
[Site "Germany"]
[Date "2017.01.15"]
[Round "5.2"]
[White "Wichmann, Cliff"]
[Black "Jahnel, Guenther"]
[Result "1-0"]
[WhiteElo "2314"]
[BlackElo "2270"]
[PlyCount "149"]
[EventDate "2016.10.16"]
[EventType "team-tourn"]
[EventCountry "GER"]
[WhiteTeam "Aue ESV Nickelhuette II"]
[BlackTeam "Hoyerswerda FVS ASP"]
[WhiteTeamCountry "GER"]
[BlackTeamCountry "GER"]

1. d4 d6 2. Nf3 Nf6 3. c4 g6 4. Nc3 Bg7 5. e4 O-O 6. Be2 e5 7. Be3 exd4 8. Nxd4
Re8 9. f3 Nbd7 10. O-O c6 11. Qd2 Nb6 12. Rad1 d5 13. Qc1 Bd7 14. cxd5 cxd5 15.
Ndb5 Bc6 16. Bf2 a6 17. Nd4 Bd7 18. Nb3 Rc8 19. Nc5 Qe7 20. Nxd7 Nbxd7 21. exd5
Qd6 22. Qd2 b5 23. Rfe1 Ne5 24. b3 b4 25. Na4 Red8 26. Nb6 Rb8 27. Nc4 Nxc4 28.
Bxc4 Nd7 29. Bg3 Be5 30. Bxe5 Nxe5 31. Qd4 Re8 32. Bf1 a5 33. Rc1 f5 34. Red1
Red8 35. f4 Nf7 36. Rc6 Qd7 37. Qc5 Nd6 38. Rc7 Qe8 39. Qd4 Rd7 40. Re1 Rxc7
41. Rxe8+ Rxe8 42. Qb6 Rd7 43. Qxa5 Rb8 44. h3 Rbb7 45. Ba6 Rb8 46. Bc4 Kf7 47.
Qc5 h5 48. Kh2 Kg7 49. Bd3 Kh7 50. Kg3 Kh6 51. Kf3 Kh7 52. Qd4 Rbb7 53. Qf6 Ne8
54. Qf8 Nd6 55. g4 hxg4+ 56. hxg4 fxg4+ 57. Kxg4 Nf7 58. f5 Nh6+ 59. Kg5 Nxf5
60. Bxf5 gxf5 61. Qxf5+ Kg8 62. Qe6+ Kf8 63. d6 Rf7 64. Kg6 Rbd7 65. Qe5 Rg7+
66. Kf5 Rh7 67. Ke6 Rb7 68. Qf4+ Ke8 69. Kd5 Rhf7 70. Qe3+ Kd8 71. Kc6 Rg7 72.
Qh3 Rh7 73. Qg4 Rbg7 74. Qxb4 Kc8 75. Qa5 1-0

[Event "Oberliga Ost A 2016 2017"]
[Site "Germany"]
[Date "2017.01.15"]
[Round "5.3"]
[White "Hovsepyan, Vardan"]
[Black "Pulpan, Jakub"]
[Result "1/2-1/2"]
[WhiteElo "2162"]
[BlackElo "2337"]
[PlyCount "52"]
[EventDate "2016.10.16"]
[EventType "team-tourn"]
[EventCountry "GER"]
[WhiteTeam "Hoyerswerda FVS ASP"]
[BlackTeam "Aue ESV Nickelhuette II"]
[WhiteTeamCountry "GER"]
[BlackTeamCountry "GER"]

1. d4 Nf6 2. g3 d5 3. Bg2 c6 4. Nf3 Bf5 5. O-O e6 6. b3 h6 7. Re1 Bd6 8. Ba3
Bxa3 9. Nxa3 a5 10. Nd2 Qe7 11. Qc1 Nbd7 12. e4 Nxe4 13. Nxe4 Bxe4 14. Bxe4
dxe4 15. Rxe4 Nf6 16. Re2 a4 17. Nc4 Nd5 18. c3 c5 19. Ne3 Nxe3 20. Rxe3 cxd4
21. cxd4 O-O 22. d5 axb3 23. axb3 Qf6 24. Rxa8 Rxa8 25. Qd2 exd5 26. Qxd5 Qc6
1/2-1/2

[Event "Oberliga Ost A 2016 2017"]
[Site "Germany"]
[Date "2017.01.15"]
[Round "5.4"]
[White "Haessler, Wolfgang"]
[Black "Kesik, Klaus Dieter"]
[Result "1/2-1/2"]
[WhiteElo "2211"]
[BlackElo "2220"]
[PlyCount "76"]
[EventDate "2016.10.16"]
[EventType "team-tourn"]
[EventCountry "GER"]
[WhiteTeam "Aue ESV Nickelhuette II"]
[BlackTeam "Hoyerswerda FVS ASP"]
[WhiteTeamCountry "GER"]
[BlackTeamCountry "GER"]

1. f4 Nf6 2. Nf3 g6 3. d3 d5 4. e3 Bg7 5. Be2 O-O 6. O-O c5 7. Nc3 d4 8. Ne4
Nd5 9. Nxc5 dxe3 10. g3 Nc6 11. d4 Bh3 12. Re1 Qc8 13. Ne5 Nxe5 14. fxe5 Rd8
15. Nd3 Bf5 16. c3 h5 17. Nf4 Nxc3 18. Qb3 Nxe2+ 19. Nxe2 Qc6 20. Bxe3 Qf3 21.
Nc3 Rac8 22. Qd1 Qc6 23. d5 Qa6 24. Bd4 b5 25. a3 Qb7 26. Qd2 a5 27. b4 axb4
28. axb4 Ra8 29. Rxa8 Rxa8 30. d6 exd6 31. exd6 Bxd4+ 32. Qxd4 Bh3 33. Nd5 Be6
34. Nf6+ Kf8 35. Nd7+ Kg8 36. Nf6+ Kf8 37. Nd7+ Kg8 38. Nf6+ Kf8 1/2-1/2

[Event "Oberliga Ost A 2016 2017"]
[Site "Germany"]
[Date "2017.01.15"]
[Round "5.5"]
[White "Boehm, Robert"]
[Black "Schnabel, Ralf"]
[Result "1/2-1/2"]
[WhiteElo "2133"]
[BlackElo "2235"]
[PlyCount "42"]
[EventDate "2016.10.16"]
[EventType "team-tourn"]
[EventCountry "GER"]
[WhiteTeam "Hoyerswerda FVS ASP"]
[BlackTeam "Aue ESV Nickelhuette II"]
[WhiteTeamCountry "GER"]
[BlackTeamCountry "GER"]

1. d4 f5 2. Nf3 Nf6 3. c4 g6 4. b4 Bg7 5. Bb2 d6 6. e3 e5 7. dxe5 Ng4 8. Qb3
Nxe5 9. Nxe5 dxe5 10. c5 a5 11. a3 Qe7 12. Bc4 axb4 13. axb4 Rxa1 14. Bxa1 Bf6
15. Nc3 c6 16. O-O Kf8 17. Na4 Kg7 18. Nb6 Nd7 19. Nxc8 Rxc8 20. Rd1 Nf8 21.
Rd6 Rd8 1/2-1/2

[Event "Oberliga Ost A 2016 2017"]
[Site "Germany"]
[Date "2017.01.15"]
[Round "5.6"]
[White "Heinz, Juergen"]
[Black "Schuh, Ruediger"]
[Result "1-0"]
[WhiteElo "2220"]
[BlackElo "2026"]
[PlyCount "133"]
[EventDate "2016.10.16"]
[EventType "team-tourn"]
[EventCountry "GER"]
[WhiteTeam "Aue ESV Nickelhuette II"]
[BlackTeam "Hoyerswerda FVS ASP"]
[WhiteTeamCountry "GER"]
[BlackTeamCountry "GER"]

1. c4 Nf6 2. g3 g6 3. b3 Bg7 4. Bb2 O-O 5. Bg2 d6 6. d4 Nbd7 7. Nf3 e5 8. dxe5
Ng4 9. Nc3 dxe5 10. h3 Nh6 11. e4 f6 12. O-O Nf7 13. Ne1 Re8 14. Nd3 Bf8 15.
Qe2 c6 16. Kh2 Qc7 17. Na4 b6 18. Bc1 b5 19. cxb5 cxb5 20. Nab2 Bb7 21. Bd2 a5
22. Be3 Bc6 23. Rac1 Qb7 24. f3 Nd8 25. Qf2 Ne6 26. h4 a4 27. b4 a3 28. Nd1
Red8 29. Bh3 Nd4 30. Bxd4 exd4 31. Qc2 Ra6 32. Qb3+ Kg7 33. Nf4 Kh8 34. Ne6 Re8
35. Nxd4 Ne5 36. Ne3 Bh6 37. Nxc6 Nxc6 38. Rcd1 Bxe3 39. Rd7 Qb8 40. Qf7 Ne7
41. Be6 Bh6 42. Rxe7 Rxe7 43. Qxe7 Qf8 44. Qxf8+ Bxf8 45. Bd5 Ra4 46. Rc1 Rxb4
47. Rc8 Kg7 48. Rc7+ Kh6 49. Bg8 Bg7 50. g4 g5 51. h5 Rb2+ 52. Kh3 b4 53. Rb7
Rd2 54. Bd5 Bf8 55. Bg8 Bg7 56. Rxb4 Rd8 57. Bd5 Bf8 58. Rb7 Bd6 59. Kg2 Rb8
60. Rd7 Be5 61. Kf1 Rc8 62. Ke2 Rc7 63. Rd8 Rc3 64. Ra8 Kg7 65. Ra7+ Bc7 66.
Kd2 Rc5 67. Rxa3 1-0

[Event "Oberliga Ost A 2016 2017"]
[Site "Germany"]
[Date "2017.01.15"]
[Round "5.7"]
[White "Heyme, Sibylle"]
[Black "Floeter, Frank"]
[Result "0-1"]
[WhiteElo "2036"]
[BlackElo "2124"]
[PlyCount "90"]
[EventDate "2016.10.16"]
[EventType "team-tourn"]
[EventCountry "GER"]
[WhiteTeam "Hoyerswerda FVS ASP"]
[BlackTeam "Aue ESV Nickelhuette II"]
[WhiteTeamCountry "GER"]
[BlackTeamCountry "GER"]

1. e4 Nf6 2. Nc3 d5 3. e5 Nfd7 4. d4 c5 5. f4 cxd4 6. Qxd4 e6 7. Nf3 Bc5 8. Qd3
Nc6 9. a3 Be7 10. Be3 O-O 11. Be2 a6 12. O-O b5 13. Rad1 Qc7 14. Kh1 Bb7 15.
Nd4 Na5 16. Bc1 Nc6 17. Qh3 Nxd4 18. Rxd4 g6 19. Qh6 Rfc8 20. Rd3 Bf8 21. Qh4
Qd8 22. Qh3 b4 23. axb4 Bxb4 24. Bg4 Rc7 25. Ne2 a5 26. Nd4 Nc5 27. Rdf3 Ne4
28. Bxe6 fxe6 29. Nxe6 Bc8 30. f5 Bxe6 31. fxe6 Ng5 32. Bxg5 Qxg5 33. Rf7 Rxf7
34. exf7+ Kg7 35. Qd7 Qe7 36. Qxd5 Rd8 37. Qe4 Qe6 38. c4 Be7 39. h4 Rf8 40. h5
Rxf7 41. Rxf7+ Qxf7 42. hxg6 hxg6 43. Qd4 Qf8 44. b3 Bc5 45. Qd5 Qh8# 0-1

[Event "Oberliga Ost A 2016 2017"]
[Site "Germany"]
[Date "2017.01.15"]
[Round "5.8"]
[White "Heinz, Thomas"]
[Black "Grohmann, Alexander"]
[Result "1-0"]
[WhiteElo "2144"]
[BlackElo "1801"]
[PlyCount "85"]
[EventDate "2016.10.16"]
[EventType "team-tourn"]
[EventCountry "GER"]
[WhiteTeam "Aue ESV Nickelhuette II"]
[BlackTeam "Hoyerswerda FVS ASP"]
[WhiteTeamCountry "GER"]
[BlackTeamCountry "GER"]

1. e4 c5 2. Nc3 e6 3. g3 Nc6 4. Bg2 Nge7 5. f4 d5 6. e5 a6 7. Nf3 b5 8. O-O g6
9. g4 Qb6 10. d3 Bb7 11. Ne2 h6 12. Ng3 O-O-O 13. c3 d4 14. cxd4 Nxd4 15. Nxd4
cxd4 16. Bxb7+ Kxb7 17. Bd2 Nd5 18. Qf3 Be7 19. a4 b4 20. Rfc1 Kb8 21. Rc4 Rc8
22. Rac1 Rxc4 23. dxc4 Nc7 24. b3 d3+ 25. Kg2 Qd4 26. Ne4 Rd8 27. Rb1 Qd7 28.
Be3 Qc6 29. Rd1 a5 30. Nc5 Qxf3+ 31. Kxf3 Bxc5 32. Bxc5 Kb7 33. Bd6 Kc6 34. Ke3
Ne8 35. Be7 Rd7 36. Bh4 Nc7 37. Rxd3 Na6 38. Rxd7 Kxd7 39. Kd4 Kc6 40. Be7 Kd7
41. Bd6 Kc6 42. Ke4 f5+ 43. gxf5 1-0

[Event "Oberliga Ost A 2016 2017"]
[Site "Germany"]
[Date "2017.01.15"]
[Round "5.1"]
[White "Mueller, Richard"]
[Black "Jaeger, Dominik"]
[Result "1/2-1/2"]
[WhiteElo "2170"]
[BlackElo "2280"]
[PlyCount "93"]
[EventDate "2016.10.16"]
[EventType "team-tourn"]
[EventCountry "GER"]
[WhiteTeam "Coswig TuS"]
[BlackTeam "Magdeburg SV Rochade"]
[WhiteTeamCountry "GER"]
[BlackTeamCountry "GER"]

1. d4 Nf6 2. c4 e6 3. Nc3 Bb4 4. e3 O-O 5. Bd3 d5 6. Nge2 c5 7. a3 cxd4 8. exd4
dxc4 9. Bxc4 Bd6 10. Ba2 Nc6 11. h3 b6 12. O-O Ba6 13. Bg5 Be7 14. Re1 Bxe2 15.
Nxe2 Nd5 16. Bxe7 Ndxe7 17. Qd3 Qd6 18. Rad1 Rad8 19. Rd2 Rd7 20. Red1 Rfd8 21.
Bb1 g6 22. Qc4 Qd5 23. Qa4 Qa5 24. Qc4 e5 25. Ba2 Rf8 26. d5 Nd8 27. Nc3 Nb7
28. d6 Nf5 29. Ne4 Kg7 30. Rd5 b5 31. Rxb5 Nbxd6 32. Rxa5 Nxc4 33. Rxd7 Nxa5
34. Ng5 Rb8 35. b4 Rb7 36. Rxf7+ Rxf7 37. Nxf7 Nc6 38. Ng5 Nfd4 39. Bb1 Nb5 40.
Be4 Ncd4 41. a4 Nc3 42. Bd3 Nxa4 43. Ne4 Nb6 44. Nc3 Kf6 45. Be4 Nc4 46. f3 h5
47. h4 1/2-1/2

[Event "Oberliga Ost A 2016 2017"]
[Site "Germany"]
[Date "2017.01.15"]
[Round "5.2"]
[White "Niering, Martin"]
[Black "Pietsch, Michael"]
[Result "0-1"]
[WhiteElo "2226"]
[BlackElo "2146"]
[PlyCount "56"]
[EventDate "2016.10.16"]
[EventType "team-tourn"]
[EventCountry "GER"]
[WhiteTeam "Magdeburg SV Rochade"]
[BlackTeam "Coswig TuS"]
[WhiteTeamCountry "GER"]
[BlackTeamCountry "GER"]

1. e4 c6 2. d4 d5 3. e5 c5 4. dxc5 e6 5. Be3 Nh6 6. c3 Nd7 7. Qa4 Nf5 8. Bd4
Be7 9. Bd3 O-O 10. b4 Nxd4 11. cxd4 f6 12. Qc2 fxe5 13. Bxh7+ Kh8 14. dxe5 Nxe5
15. Nd2 a5 16. Ngf3 Bf6 17. Rb1 Nxf3+ 18. Nxf3 axb4 19. h4 Bc3+ 20. Kf1 Qf6 21.
Rd1 Bd7 22. Qb1 Bc6 23. Kg1 e5 24. Rf1 e4 25. Ng5 Bb5 26. Bxe4 dxe4 27. Nxe4
Qf5 28. Rd1 Bc6 0-1

[Event "Oberliga Ost A 2016 2017"]
[Site "Germany"]
[Date "2017.01.15"]
[Round "5.3"]
[White "Schweitzer, Andreas"]
[Black "Stolz, Mike"]
[Result "1/2-1/2"]
[WhiteElo "2210"]
[BlackElo "2319"]
[PlyCount "92"]
[EventDate "2016.10.16"]
[EventType "team-tourn"]
[EventCountry "GER"]
[WhiteTeam "Coswig TuS"]
[BlackTeam "Magdeburg SV Rochade"]
[WhiteTeamCountry "GER"]
[BlackTeamCountry "GER"]

1. e4 c5 2. Nf3 Nc6 3. d4 cxd4 4. Nxd4 Nf6 5. Nc3 g6 6. Nxc6 bxc6 7. e5 Ng8 8.
Bc4 Bg7 9. Bf4 Qa5 10. O-O f5 11. Re1 e6 12. Qd6 Bf8 13. Qd2 h6 14. h4 Ne7 15.
a3 Kf7 16. b4 Qc7 17. Rad1 Bg7 18. Qe3 Qb6 19. Qd2 a6 20. Be3 Qc7 21. Bc5 Ke8
22. f4 h5 23. Qf2 Nd5 24. Na4 Bh6 25. Rd4 a5 26. Bxd5 cxd5 27. b5 Bf8 28. Bxf8
Rxf8 29. c4 dxc4 30. Rc1 Bb7 31. Rdxc4 Qd8 32. Qb6 Bd5 33. Qxd8+ Kxd8 34. Rc5
Rb8 35. Nc3 Ba8 36. Kf2 Ke7 37. g3 Bb7 38. Ke3 Rfc8 39. Na4 Rxc5 40. Rxc5 Bg2
41. Nc3 Kd8 42. Ne2 Rb6 43. Nd4 Bd5 44. Rc3 d6 45. a4 Kd7 46. Nb3 Bxb3 1/2-1/2